Seminář "Azylové řízení v České republice" : vybrané texty ze semináře pořádaného pražskou kanceláří Úřadu Vysokého komisaře OSN pro uprchlíky dne 16. února 2004 v prostorách Ministerstva spravedlnosti v Praze = Seminar "Asylum procedure in the Czech republic" / [editor Marcela Skalková ; překlad Veronika Součková]
Record details
- Physical Description: [118 s.] : il. ; 21 cm
- Publisher: Praha : UNHCR, 2004
Search for related items by subject
| Subject: | mezinárodní právo |
Available copies
- 2 of 2 copies available at Common Catalog SPOK.
Holds
- 0 current holds with 2 total copies.
Show Only Available Copies
| Location | Call Number / Copy Notes | Barcode | Shelving Location | Status | Due Date |
|---|---|---|---|---|---|
| Jabok Library | SPr-3.10/S | 424480020944 | Odborná literatura | Available | - |
| Jabok Library | SPr-3.10/S | 424480020953 | Odborná literatura | Available | - |
| LDR | 01279nam a2200277 a 4500 | ||
|---|---|---|---|
| 001 | 11431 | ||
| 003 | CZ-PrJAB | ||
| 005 | 20190912083136.0 | ||
| 008 | 041125s2004 xr e ||| | cze | ||
| 035 | . | ‡a(CZ PrSKC)000094957 | |
| 040 | . | ‡aPND008 ‡bcze | |
| 041 | 1 | . | ‡acze ‡aeng |
| 080 | . | ‡a341.2 ‡2MRF-sel | |
| 080 | . | ‡a323 ‡2MRF-sel | |
| 245 | 0 | 0. | ‡aSeminář "Azylové řízení v České republice" : ‡bvybrané texty ze semináře pořádaného pražskou kanceláří Úřadu Vysokého komisaře OSN pro uprchlíky dne 16. února 2004 v prostorách Ministerstva spravedlnosti v Praze = Seminar "Asylum procedure in the Czech republic" / ‡c[editor Marcela Skalková ; překlad Veronika Součková] |
| 246 | 3 | 3. | ‡aSeminar "Asylum procedure in the Czech republic" |
| 246 | 3 | 3. | ‡aAzylové řízení v České republice |
| 246 | 3 | . | ‡aAsylum procedure in the Czech republic |
| 260 | . | ‡aPraha : ‡bUNHCR, ‡c2004 | |
| 300 | . | ‡a[118 s.] : ‡bil. ; ‡c21 cm | |
| 650 | 0 | 7. | ‡amezinárodní právo ‡7ph122815 ‡2czenas |
| 653 | 0 | . | ‡aazylová politika ‡amigrace ‡auprchlíci ‡aUNHCR |
| 700 | 1 | . | ‡aSkalková, Marcela ‡4edt |
| 700 | 1 | . | ‡aSoučková, Veronika ‡4trl |
| 711 | 2 | . | ‡aAzylové řízení v České republice (seminář) ‡c(Praha ‡d16. února 2004) |
| 910 | . | ‡aABG312 | |
| 995 | . | ‡aska | |
| 901 | . | ‡a11431 ‡bCZ-PrJAB ‡c11431 ‡tbiblio | |